000 00459nam a2200193Ia 4500
005 20240823055219.0
008 240823s9999||||xx |||||||||||||| ||und||
020 _a9.79E+11
041 _aENGLISH
082 _A515 P9
100 _aBhatt R D
245 0 _aIntermediate Mathematical Analysis
250 _a1st
260 _c2009
_bNarosa Publishing
500 _aYES
650 _aMathematical Analysis
_bMathematics
942 _cBK
999 _c228258
_d228258